000 00822nas a2200265 4500
001 BR8701703
003 BR-BrBNA
005 20231205090617.0
007 ta
008 230509b bl.|||p| |||| 00| 00por d
040 _aBR-BrBNA
_bpor
_cBiblioteca Nacional de Agricultura
041 _a(Pt)
072 _aL53; M40
100 1 _aZavala-Camin, L.A.
100 1 _aSeckendorf, R.W. von
245 1 _aIndice gonadal da albacora-de-lage (Thunnus albacares no Sudeste e Sul do Brasil)
650 _aATUM
650 _aREPRODUCAO ANIMAL
650 _aEFICIENCIA REPRODUTIVA
650 _aFISIOLOGIA REPRODUTIVA
650 _aMATURIDADE
773 0 _tBoletim do Instituto de Pesca (Brazil)
_xISSN 0046-9939
_g(Dec 1984), v. 11 p. 93-99
_wBR8701703
909 _a202311
_bLúcia
_c55
_dLúcia Elande
942 _2AGRIS
_n0
_cANA
999 _c119731
_d119731